zpět

Detail výsledku týmu

Spirit Bar - Žižkov, Praha

Datum a čas kvízu

23.5 Celkem bodů Celkový počet nahraných bodů na tomto kvízu bez doplňovacích otázek.
5. Pořadí na kvízu Konečné umístění týmu na tomto kvízu.

Zaznamenané odpovědi

# Otázka Odpověď Body Výsledky
1. Setkání otce a syna Babišových... v Ústí nad Labem 1
2. Farmaceutická společnost Johns... před AIDS (uznáváme i odpověď HIV) 0
3. Jak se jmenuje slavná kapela z... ABBA 1
4. Průměrná měsíční mzda v Česku... 32 408 Kč (uznáváme 31 i 33 408 Kč) 1
5. Jeden český sportovec si ve st... Ondrovi 0
6. V nedávném tématu jsme se vyda... 12. dubna 1961 0
7. Celá šedesátá léta 20. století... Buzz Aldrin, Michael Collins 1
8. Vladimír Remek je 87. kosmonau... C 0
9. První a jediný sovětský raketo... Buran 1
10. SpaceX je americká technologic... Falcon 0